00606nab a2200169 i 4500001000400000003000400004005001700008008003900025040000800064080001000072100016600082245006100248260001000309500002600319650002700345773006400372BPPBPK20180427123458.0150420s1979 pl | | |000 ||pol cBPK a338.3 aSOBOLEWSKI, Kazimierz.d1979 - 1996.bWyższa Szkoła Inżynierska w Koszalinie - Instytut Budownictwa Lądowego,cZakład Ekonomiki i Organizacji Budownictwa aO dynamice cyklu produkcyjnego / cKazimierz Sobolewski. c1979. aDane z kartoteki BPP. aProdukcja - ekonomika. iW :tEkonomika i Organizacja Pracy. -g1979, Z. 3, s. 29-31